City logistics : network modelling and intelligent transport systems
Αποθηκεύτηκε σε:
| Άλλοι συγγραφείς: | |
|---|---|
| Μορφή: | Βιβλίο |
| Γλώσσα: | English |
| Δημοσίευση: |
Amsterdam :
Pergamon,
2001
|
| Θέματα: | |
| Ετικέτες: |
Προσθήκη ετικέτας
Δεν υπάρχουν, Καταχωρήστε ετικέτα πρώτοι!
|
MARC
| LEADER | 00000cam a2200000 i 4500 | ||
|---|---|---|---|
| 001 | 1/28964 | ||
| 008 | 060508s2001 eng d | ||
| 020 | |a 0-08-043903-9 | ||
| 035 | |l 10083784 | ||
| 040 | |a GR-MY-UA |b gre |e aacr | ||
| 041 | 0 | |a eng | |
| 082 | 0 | |a 388.312 |2 (22) | |
| 245 | 1 | 0 | |a City logistics : |b network modelling and intelligent transport systems / |c Eiichi Taniguchi ... [καί ά.] |
| 260 | |a Amsterdam : |b Pergamon, |c 2001 | ||
| 300 | |a viii, 252 σ.; |b σχ.; |c 23 εκ. | ||
| 500 | |a An imprint of Elsevier Science | ||
| 504 | |a Περιλαμβάνει βιβλιογραφικές αναφορές και ευρετήριο | ||
| 650 | 0 | 0 | |a Intelligent Vehicle Highway Systems. |
| 650 | 0 | 0 | |a Transportation |x Planning. |
| 700 | 1 | |a Eiichi, Taniguchi. | |
| 852 | |a INST |b CHIOS |e 20060508 |h 388.312 EII |p 005200026457 |q 005200026457 |t BK |y 0 | ||
| 901 | |a BIBL2-2006-2 | ||
| 909 | |a Χ |b 112137 | ||
| 970 | |a ΧΑΖΙΡΗ |b ΑΝΝΑ |z 2006/05/08 | ||